[Event "Baden-ch U1700"]
[Site "Walldorf"]
[Date "2017.07.29"]
[Round "5"]
[White "Kohl, Wolfram"]
[Black "Trinkl, Andreas"]
[Result "1/2-1/2"]
[WhiteElo "1541"]
[BlackElo "1749"]
[PlyCount "67"]
[EventDate "2017.07.26"]
[EventType "swiss"]
[EventRounds "7"]
[EventCountry "GER"]
[SourceTitle "EXT 2018"]
[Source "ChessBase"]
[SourceDate "2017.10.13"]
[SourceVersion "1"]
[SourceVersionDate "2017.10.13"]
[SourceQuality "1"]

1. e4 c6 2. d4 d5 3. exd5 cxd5 4. Bd3 Nf6 5. h3 Bd7 6. Nf3 Nc6 7. c3 Qc7 8. Qe2 e6 9. Bg5 Be7 10. Nbd2 0-0 11. Ne5 Be8 12. Ndf3 Qd8 13. Qc2 h6 14. h4 Rc8 15. Qd2 Ne4 16. Bxe7 Nxd2 17. Bxd8 Nxf3+ 18. Nxf3 Rxd8 19. Kd2 f6 20. Rae1 e5 21. Bc2 Bh5 22. Kc1 Bxf3 23. gxf3 exd4 24. cxd4 Nxd4 25. Bd1 Rfe8 26. Kd2 Rxe1 27. Rxe1 Kf8 28. Kd3 Nf5 29. h5 Re8 30. Rg1 Re7 31. Bb3 Rd7 32. Ba4 Rc7 33. Re1 Re7 34. Rc1 1/2-1/2

[Event "Baden-ch U1700"]
[Site "Walldorf"]
[Date "2017.07.27"]
[Round "2"]
[White "Eckert, Juergen"]
[Black "Kohl, Wolfram"]
[Result "1-0"]
[WhiteElo "1596"]
[BlackElo "1541"]
[PlyCount "75"]
[EventDate "2017.07.26"]
[EventType "swiss"]
[EventRounds "7"]
[EventCountry "GER"]
[SourceTitle "EXT 2018"]
[Source "ChessBase"]
[SourceDate "2017.10.13"]
[SourceVersion "1"]
[SourceVersionDate "2017.10.13"]
[SourceQuality "1"]

1. d4 d5 2. e3 Nf6 3. c4 e6 4. Nc3 Be7 5. Nf3 Nbd7 6. a3 b6 7. b4 c5 8. cxd5 exd5 9. dxc5 Bb7 10. cxb6 Nxb6 11. Bb5+ Nfd7 12. Ne5 a6 13. Nxd7 Nxd7 14. Ba4 Bf6 15. Bb2 0-0 16. 0-0 Nb6 17. Bb3 Qd7 18. Na4 Nxa4 19. Bxa4 Qf5 20. Bc2 Qg5 21. f4 Qh6 22. Bd4 Rac8 23. Rc1 Bxd4 24. Qxd4 Rc4 25. Qd2 Rd8 26. Bxh7+ Kxh7 27. Rxc4 Qb6 28. Rc5 d4 29. exd4 Qg6 30. d5 Qe4 31. Rd1 Kg8 32. g3 Qf3 33. Qd3 Qg4 34. Rd2 Rd6 35. Qe3 Kf8 36. Re2 Qd7 37. Rc7 Re6 38. Qxe6 1-0